Význam zaistenia - špecifickej formy poistenia - v súčasnej ekonomike

Funkcie zaistenia. Ochrana cendenta. Rozdelenia rizika. Financovanie rizika. Globálne mapy rizika. Hlavné dôvody využívania zaistenia. Význam a výhody zaistenia. Vplyv zaisťovateľov na procesy v poisťovniach

Salvato in:
Dettagli Bibliografici
Autore principale: Krátka, Zuzana, 1968-
Natura: Capitolo di libro
Lingua:slovacco
Soggetti:
Tags: Aggiungi Tag
Nessun Tag, puoi essere il primo ad aggiungerne!!

MARC

LEADER 00000naa$a2200000$$$4500
001 0074313
005 20240502071859.4
041 0 |a slo 
044 |a SK 
245 1 0 |a Význam zaistenia - špecifickej formy poistenia - v súčasnej ekonomike  |c Zuzana Krátka 
520 |a Funkcie zaistenia. Ochrana cendenta. Rozdelenia rizika. Financovanie rizika. Globálne mapy rizika. Hlavné dôvody využívania zaistenia. Význam a výhody zaistenia. Vplyv zaisťovateľov na procesy v poisťovniach 
610 2 0 |a zaistenie 
610 2 0 |a zaisťovatelia 
610 2 0 |a poistenie 
610 2 0 |a riziko poistné 
610 2 0 |a financovanie 
610 2 0 |a riziko úverové 
610 2 0 |a investori 
100 1 |a Krátka, Zuzana, 1968-